00640nam a2200229 a 4500001001300000003000900013005001700022008004100039020000900080082002100089100002400110245002000134260002000154300000900174500003500183650001900218700002400237902000800261942000700269952011900276999001500395nice12345678IN_TiNIC20260116011513.0070326s1952 laha grp 000 0 urd  ac2000a305.480297bNAD2 aNadvi, Abdul Qayuma aIslam Awr Awrat aLahore bc1952 a170p aincludes index and biblioraphy aWomen in Islam1 aNadvi, Abdul Qayuma bSRS cBK 001040708StackRoom-aHMIbHMId2007-03-26g20.00l0o305.480297 NAD2p04133r2007-03-26v20.00w2007-03-26yBK c2119d2119